Southville International School and Colleges
Your cart is empty.
  • Cart
  • Lists
    Public lists Eva Luna New books Lux_list list_1
    Your lists Log in to create your own lists
  • Log in to your account
  • Your cookies
  • Search history
Southville International School and Colleges
  • Advanced search
  • Recent comments
  • Most popular
  • Libraries

Log in to your account

Log in with GOOGLE


If you do not have an external account, but do have a local account, you can still log in:

  1. Home
  2. MARC view: Henry and Mudge :
Normal view MARC view ISBD view

Henry and Mudge : (Record no. 34629)

[ view plain ]
MARC details
000 -LEADER
fixed length control field 01000pam a2200313 a 4500
001 - CONTROL NUMBER
control field 1982364
003 - CONTROL NUMBER IDENTIFIER
control field OSt
005 - DATE AND TIME OF LATEST TRANSACTION
control field 20140310184454.0
008 - FIXED-LENGTH DATA ELEMENTS--GENERAL INFORMATION
fixed length control field 890823r19901987nyua j 000 1 eng
010 ## - LIBRARY OF CONGRESS CONTROL NUMBER
LC control number 89039809
020 ## - INTERNATIONAL STANDARD BOOK NUMBER
International Standard Book Number 9780590040747
040 ## - CATALOGING SOURCE
Original cataloging agency DLC
Transcribing agency DLC
Modifying agency DLC
042 ## - AUTHENTICATION CODE
Authentication code lcac
050 10 - LIBRARY OF CONGRESS CALL NUMBER
Classification number PZ 7
Item number .R994 2004
100 1# - MAIN ENTRY--PERSONAL NAME
Personal name Rylant, Cynthia.
9 (RLIN) 4596
245 10 - TITLE STATEMENT
Title Henry and Mudge :
Remainder of title the first book of their adventures /
Statement of responsibility, etc story by Cynthia Rylant ; pictures by Suçie Stevenson.
250 ## - EDITION STATEMENT
Edition statement 1st Aladdin Books ed.
260 ## - PUBLICATION, DISTRIBUTION, ETC. (IMPRINT)
Place of publication, distribution, etc New York :
Name of publisher, distributor, etc Scholastic Inc,
Date of publication, distribution, etc 2004.
300 ## - PHYSICAL DESCRIPTION
Extent 40 p. :
Other physical details col. ill. ;
Dimensions 23 cm.
521 ## - TARGET AUDIENCE NOTE
Target audience note
526 ## - STUDY PROGRAM INFORMATION NOTE
Reading level 350
650 #1 - SUBJECT ADDED ENTRY--TOPICAL TERM
Topical term or geographic name as entry element Dogs
General subdivision Fiction.
9 (RLIN) 28223
700 1# - ADDED ENTRY--PERSONAL NAME
Personal name Stevenson, Suçie,
Relator term ill.
9 (RLIN) 28224
906 ## - LOCAL DATA ELEMENT F, LDF (RLIN)
a 7
b cbc
c orignew
d 1
e ocip
f 19
g y-gencatlg
942 ## - ADDED ENTRY ELEMENTS (KOHA)
Source of classification or shelving scheme Library of Congress Classification
Koha item type
Holdings
Withdrawn status Lost status Source of classification or shelving scheme Damaged status Home library Current library Shelving location Date acquired Total Checkouts Full call number Barcode Date last seen Copy number Price effective from Koha item type
    Library of Congress Classification   Luxembourg Library Luxembourg Library Scholastic Reading Center Section 10/11/2013   PZ 7 .R994 2004 LEX2993 04/18/2017 1 10/11/2013 Books
    Library of Congress Classification   Luxembourg Library Luxembourg Library Scholastic Reading Center Section 10/11/2013   PZ 7 .R994 2003 LEX2934 04/18/2017 2 10/11/2013 Books

Henry and Mudge :

APA

Rylant C., Stevenson S., . (2004). Henry and Mudge. New York: Scholastic Inc.

Chicago

Rylant Cynthia, Stevenson Suçie, . 2004. Henry and Mudge. New York: Scholastic Inc.

Harvard

Rylant C., Stevenson S., . (2004). Henry and Mudge. New York: Scholastic Inc.

MLA

Rylant Cynthia, Stevenson Suçie, . Henry and Mudge. New York: Scholastic Inc. 2004.

  • Place hold
  • Print
  • Cite
  • Add to your cart (remove)
  • Save record
    BIBTEX Dublin Core MARCXML MARC (non-Unicode/MARC-8) MARC (Unicode/UTF-8) MARC (Unicode/UTF-8, Standard) MODS (XML) RIS
  • More searches
    Search for this title in:
    Other Libraries (WorldCat) Other Databases (Google Scholar) Online Stores (Bookfinder.com) Open Library (openlibrary.org)

Exporting to Dublin Core...

SOUTHVILLE LIBRARY

Southville International School and Colleges Library

1281 Tropical Ave. Cor. Luxembourg St., BF Homes International, Las Pinas City

Tel. No. 8256374 / 252358 Loc. 117/146

Powered by Koha